Smer zvyšuje príplatky k mzde, pripomienkové konanie opäť obišiel
Od mája 2018 by mali nastať veľké zmeny v Zákonníku práce - vyššie príplatky za prácu v noci, vo sviatok, v sobotu a v nedeľu. Menším spoločnostiam a firmám v oblastiach s vysokou zamestnanosťou môžu spôsobiť existenčné problémy. Výpočty zmien príplatkov.
Gespeichert in:
| 1. Verfasser: | |
|---|---|
| Format: | Buchkapitel |
| Sprache: | Slowakisch |
| Schlagworte: | |
| Tags: |
Keine Tags, Fügen Sie das erste Tag hinzu!
|
MARC
| LEADER | 00000naa a2200000 4500 | ||
|---|---|---|---|
| 001 | 0237719 | ||
| 005 | 20171129095919.8 | ||
| 041 | 0 | |a slo | |
| 044 | |a SK | ||
| 245 | 1 | 0 | |a Smer zvyšuje príplatky k mzde, pripomienkové konanie opäť obišiel |c Zuzana Kollárová |
| 520 | |a Od mája 2018 by mali nastať veľké zmeny v Zákonníku práce - vyššie príplatky za prácu v noci, vo sviatok, v sobotu a v nedeľu. Menším spoločnostiam a firmám v oblastiach s vysokou zamestnanosťou môžu spôsobiť existenčné problémy. Výpočty zmien príplatkov. | ||
| 610 | 2 | 0 | |a mzdy |
| 610 | 2 | 0 | |a príplatky |
| 610 | 2 | 0 | |a zamestnanci |
| 610 | 2 | 0 | |a zamestnávatelia |
| 610 | 2 | 0 | |a novelizácia |
| 610 | 2 | 0 | |a zákonník práce |
| 100 | 1 | |a Kollárová, Zuzana | |